| 000 | 00557nam a22001937a 4500 | ||
|---|---|---|---|
| 003 | JO-AjAnu | ||
| 005 | 20241022090250.0 | ||
| 008 | 241020b jo ||||| |||| 00| 0 ara d | ||
| 020 | _a5-529-84994-1-978 | ||
| 040 | _cArchitecture | ||
| 041 | _hENG | ||
| 100 |
_aCharlton, Susannah _eAuthor _966361 |
||
| 245 |
_a10020TH-Centyry Gardens & Landscapes _c / Susannah Charlton |
||
| 260 |
_aChina: _bToppan Leefung, _c2020 |
||
| 300 | _a256 : pages | ||
| 650 | _vGardens & Landscapes | ||
| 700 |
_aElain Harwood _eJoint Author _966362 |
||
| 942 |
_2lcc _cBK _n0 |
||
| 999 |
_c33786 _d33786 |
||